Great white shark, ruler of the sea. / (Record no. 110270)
[ view plain ]
| 000 -LEADER | |
|---|---|
| fixed length control field | 00635nam a2200169 a 4500 |
| 005 - DATE AND TIME OF LATEST TRANSACTION | |
| control field | 20140414131852.0 |
| 008 - FIXED-LENGTH DATA ELEMENTS--GENERAL INFORMATION | |
| fixed length control field | 100806s19uu xx 00 eng d |
| 050 ## - LIBRARY OF CONGRESS CALL NUMBER | |
| Classification number | ER |
| Item number | Gr786 1995 |
| 100 ## - MAIN ENTRY--PERSONAL NAME | |
| Personal name | Zoehfeld, Kathleen Weidner. |
| 245 ## - TITLE STATEMENT | |
| Title | Great white shark, ruler of the sea. / |
| Statement of responsibility, etc | by Kathleen Weidner Zoehfeld ; illustrated by Steven James Petruccio. |
| 250 ## - EDITION STATEMENT | |
| Edition statement | 1st ed. |
| 260 ## - PUBLICATION, DISTRIBUTION, ETC. (IMPRINT) | |
| Place of publication, distribution, etc | Norwalk, CT : |
| Name of publisher, distributor, etc | Soundprints, |
| Date of publication, distribution, etc | 1995. |
| 500 ## - GENERAL NOTE | |
| General note | "Smithsonian Oceanic Collection" |
| 520 ## - SUMMARY, ETC. | |
| Summary, etc | Two-day-old White Shark uses her instincts and keen sense of smell to hunt for food. |
| 650 ## - SUBJECT ADDED ENTRY--TOPICAL TERM | |
| Topical term or geographic name as entry element | White shark --Juvenile fiction. |
| Withdrawn status | Lost status | Damaged status | Home library | Current library | Shelving location | Date acquired | Total Checkouts | Full call number | Barcode | Date last seen | Price effective from | Koha item type |
|---|---|---|---|---|---|---|---|---|---|---|---|---|
| Munich Library | Munich Library | Easy Reading Section | 08/06/2010 | ER Gr786 1995 | M0611 | 04/14/2014 | 04/14/2014 | Books |